Lucretius: On the nature of things. Translated by H. A. Munro. The discourses of Epictetus. Translated by George Long. The meditations of Marcus Aurelius. Translated by George Long Lugar

Uloženo v:
Podrobná bibliografie
Hlavní autor: Lucrecio Caro, Tito (autor)
Médium: Kniha
Jazyk:angličtina
Edice:(The Great Books of the Western World ; 12).
Témata:
Tagy: Přidat tag
Žádné tagy, Buďte první, kdo vytvoří štítek k tomuto záznamu!

MARC

LEADER 00000nam^a2200000^u^4500
001 000495223
005 20250521000000.0
008 110404s1000^^^^^^^^^^^^r^^^^^000^0^eng^d
009 20260310125543.449
035 |a FCE 000038627 
037 |a Acervo ITESO - Biblioteca 
041 |a eng 
082 0 4 |a 080  |b G662 v.12 
100 |a Lucrecio Caro, Tito  |e (autor) 
245 1 0 |a Lucretius:  |b On the nature of things. Translated by H. A. Munro. The discourses of Epictetus. Translated by George Long. The meditations of Marcus Aurelius. Translated by George Long Lugar 
264 |a Chicago, Ill. :  |b Encyclopaedia Britannica,  |c 1952. 
300 |a 310 p. 
336 |a texto  |b txt  |2 rdacontenido 
337 |a sin mediación  |b n  |2 rdamedio 
338 |a volumen  |b nc  |2 rdasoporte 
440 0 |a (The Great Books of the Western World ; 12). 
649 |a XX 
650 |a Filosofía antigua 
910 |a Fondo Centro de Estudios Educativos 
920 |a Impresos - Libros 
930 |a Fondos Especiales 
905 |a 133 
901 |a ALE038676  |b IT2  |c CEE  |u 20250521 
902 |a https://opac.biblio.iteso.mx/vufind/Record/000495223